<?xml version="1.0" encoding="UTF-8"?>
<record
    xmlns:xsi="http://www.w3.org/2001/XMLSchema-instance"
    xsi:schemaLocation="http://www.loc.gov/MARC21/slim http://www.loc.gov/standards/marcxml/schema/MARC21slim.xsd"
    xmlns="http://www.loc.gov/MARC21/slim">

  <leader>01439nam0a2200361   4500</leader>
  <controlfield tag="001">RU\NLR\bibl\389782</controlfield>
  <controlfield tag="005">20260406013653.0</controlfield>
  <datafield tag="010" ind1=" " ind2=" ">
    <subfield code="a">5-276-00276-2</subfield>
    <subfield code="9">500</subfield>
  </datafield>
  <datafield tag="021" ind1=" " ind2=" ">
    <subfield code="a">RU</subfield>
    <subfield code="b">2002-67054</subfield>
    <subfield code="9">3251</subfield>
  </datafield>
  <datafield tag="035" ind1=" " ind2=" ">
    <subfield code="a">(NLR Aleph) 000384093</subfield>
  </datafield>
  <datafield tag="090" ind1=" " ind2=" ">
    <subfield code="a">474097</subfield>
    <subfield code="c">474097</subfield>
  </datafield>
  <datafield tag="100" ind1=" " ind2=" ">
    <subfield code="a">20030402d2002    |||y0rusy50      ca</subfield>
  </datafield>
  <datafield tag="101" ind1="0" ind2=" ">
    <subfield code="a">rus</subfield>
  </datafield>
  <datafield tag="102" ind1=" " ind2=" ">
    <subfield code="a">RU</subfield>
  </datafield>
  <datafield tag="105" ind1=" " ind2=" ">
    <subfield code="a">a   |||||||||</subfield>
  </datafield>
  <datafield tag="200" ind1="1" ind2=" ">
    <subfield code="a">&#x421;&#x430;&#x43C;&#x43E;&#x43E;&#x431;&#x443;&#x447;&#x430;&#x44E;&#x449;&#x430;&#x44F;&#x441;&#x44F; &#x430;&#x43D;&#x442;&#x438;&#x431;&#x43B;&#x43E;&#x43A;&#x438;&#x440;&#x43E;&#x432;&#x43E;&#x447;&#x43D;&#x430;&#x44F; &#x442;&#x43E;&#x440;&#x43C;&#x43E;&#x437;&#x43D;&#x430;&#x44F; &#x441;&#x438;&#x441;&#x442;&#x435;&#x43C;&#x430; &#x43A;&#x43E;&#x43B;&#x435;&#x441;&#x43D;&#x44B;&#x445; &#x43C;&#x430;&#x448;&#x438;&#x43D;</subfield>
    <subfield code="f">&#x410;. &#x41C;. &#x410;&#x445;&#x43C;&#x435;&#x442;&#x448;&#x438;&#x43D;</subfield>
  </datafield>
  <datafield tag="210" ind1=" " ind2=" ">
    <subfield code="a">&#x41C;.</subfield>
    <subfield code="c">&#x41C;&#x413;&#x418;&#x423;</subfield>
    <subfield code="d">2002</subfield>
  </datafield>
  <datafield tag="215" ind1=" " ind2=" ">
    <subfield code="a">140 &#x441;.</subfield>
    <subfield code="c">&#x438;&#x43B;.</subfield>
    <subfield code="d">20</subfield>
  </datafield>
  <datafield tag="313" ind1=" " ind2=" ">
    <subfield code="a">&#x433;&#x440;&#x443;&#x437;&#x43E;&#x432;. &#x430;&#x432;&#x442;&#x43E;&#x43C;&#x43E;&#x431;&#x438;&#x43B;&#x435;&#x439;</subfield>
  </datafield>
  <datafield tag="320" ind1=" " ind2=" ">
    <subfield code="a">&#x411;&#x438;&#x431;&#x43B;&#x438;&#x43E;&#x433;&#x440;.: &#x441;. 137-140</subfield>
  </datafield>
  <datafield tag="606" ind1="0" ind2=" ">
    <subfield code="a">&#x410;&#x432;&#x442;&#x43E;&#x43C;&#x43E;&#x431;&#x438;&#x43B;&#x44C;&#x43D;&#x44B;&#x435; &#x442;&#x43E;&#x440;&#x43C;&#x43E;&#x437;&#x430;</subfield>
    <subfield code="x">&#x410;&#x43D;&#x442;&#x438;&#x431;&#x43B;&#x43E;&#x43A;&#x438;&#x440;&#x43E;&#x432;&#x43E;&#x447;&#x43D;&#x44B;&#x435; &#x43F;&#x440;&#x438;&#x441;&#x43F;&#x43E;&#x441;&#x43E;&#x431;&#x43B;&#x435;&#x43D;&#x438;&#x44F;</subfield>
    <subfield code="9">897579</subfield>
    <subfield code="3">RU\NLR\auth\665557</subfield>
  </datafield>
  <datafield tag="606" ind1="0" ind2=" ">
    <subfield code="a">&#x410;&#x432;&#x442;&#x43E;&#x43C;&#x43E;&#x431;&#x438;&#x43B;&#x44C;&#x43D;&#x44B;&#x435; &#x442;&#x43E;&#x440;&#x43C;&#x43E;&#x437;&#x430;</subfield>
    <subfield code="x">&#x410;&#x43D;&#x442;&#x438;&#x431;&#x43B;&#x43E;&#x43A;&#x438;&#x440;&#x43E;&#x432;&#x43E;&#x447;&#x43D;&#x44B;&#x435; &#x441;&#x438;&#x441;&#x442;&#x435;&#x43C;&#x44B;</subfield>
    <subfield code="9">2088183</subfield>
    <subfield code="3">RU\NLR\auth\661264158</subfield>
  </datafield>
  <datafield tag="675" ind1=" " ind2=" ">
    <subfield code="a">629.3.027.4.017.5</subfield>
    <subfield code="v">3</subfield>
    <subfield code="z">rus</subfield>
  </datafield>
  <datafield tag="686" ind1=" " ind2=" ">
    <subfield code="a">55.43</subfield>
    <subfield code="2">rugasnti</subfield>
  </datafield>
  <datafield tag="686" ind1=" " ind2=" ">
    <subfield code="a">39.33-08</subfield>
    <subfield code="2">rubbk</subfield>
  </datafield>
  <datafield tag="686" ind1=" " ind2=" ">
    <subfield code="a">&#x41E;335.4-042.730.6-05</subfield>
  </datafield>
  <datafield tag="700" ind1=" " ind2="1">
    <subfield code="4">070</subfield>
    <subfield code="8">rus</subfield>
    <subfield code="7">ca</subfield>
    <subfield code="a">&#x410;&#x445;&#x43C;&#x435;&#x442;&#x448;&#x438;&#x43D;</subfield>
    <subfield code="b">&#x410;. &#x41C;.</subfield>
    <subfield code="f">1942-</subfield>
    <subfield code="g">&#x410;&#x43B;&#x44C;&#x431;&#x435;&#x440;&#x442; &#x41C;&#x430;&#x445;&#x43C;&#x443;&#x442;&#x43E;&#x432;&#x438;&#x447;</subfield>
    <subfield code="3">RU\NLR\auth\77119166</subfield>
    <subfield code="9">102091</subfield>
  </datafield>
  <datafield tag="801" ind1=" " ind2="0">
    <subfield code="a">RU</subfield>
    <subfield code="b">RKP</subfield>
    <subfield code="c">20030402</subfield>
    <subfield code="g">PSBO</subfield>
  </datafield>
  <datafield tag="801" ind1=" " ind2="1">
    <subfield code="a">RU</subfield>
    <subfield code="b">RKP</subfield>
    <subfield code="c">20030402</subfield>
  </datafield>
  <datafield tag="801" ind1=" " ind2="2">
    <subfield code="a">RU</subfield>
    <subfield code="b">NLR</subfield>
    <subfield code="c">20130116</subfield>
    <subfield code="g">rcr</subfield>
  </datafield>
  <datafield tag="942" ind1=" " ind2=" ">
    <subfield code="c">BOOK</subfield>
  </datafield>
  <datafield tag="980" ind1=" " ind2=" ">
    <subfield code="a">NB</subfield>
  </datafield>
  <datafield tag="995" ind1=" " ind2=" ">
    <subfield code="5">2003-04-15</subfield>
    <subfield code="a">ad</subfield>
    <subfield code="b">NLR01</subfield>
    <subfield code="c">NLR01</subfield>
    <subfield code="e">RF3</subfield>
    <subfield code="f">464772</subfield>
    <subfield code="k">2003-3/9764</subfield>
    <subfield code="o">0</subfield>
    <subfield code="r">BOOK</subfield>
    <subfield code="s">200339764_</subfield>
  </datafield>
  <datafield tag="995" ind1=" " ind2=" ">
    <subfield code="5">2003-04-15</subfield>
    <subfield code="a">ad</subfield>
    <subfield code="b">NLR01</subfield>
    <subfield code="c">NLR01</subfield>
    <subfield code="e">RF3</subfield>
    <subfield code="f">464773</subfield>
    <subfield code="k">2003-3/9764</subfield>
    <subfield code="o">0</subfield>
    <subfield code="r">BOOK</subfield>
    <subfield code="s">200339764_</subfield>
  </datafield>
</record>
